=LDR 00000nam 2200000 4500 =001 INLIS000000000016275 =005 20130612111538 =008 ***********************************Ind** =035 ##$$0010-061300000016275 =041 ##$$a Ind =082 ##$$a 372.7 =090 ##$$a 372.7, Sup p =100 ##$$a Suparjo =245 ##$$a Pelajaran matematika gemar berhitung untuk SD, Sesuai kurikulum pendidikan dasar 1994 GBPP SD, Supardjo =260 ##$$a 1994 $b Solo =300 ##$$a ...jil., ilus, 28 cm =650 ##$$a Pendidikan dasar =650 ##$$a Matematika =850 ##$$a NBPNMAT